<?xml version="1.0" encoding="UTF-8"?>
<record
    xmlns:xsi="http://www.w3.org/2001/XMLSchema-instance"
    xsi:schemaLocation="http://www.loc.gov/MARC21/slim http://www.loc.gov/standards/marcxml/schema/MARC21slim.xsd"
    xmlns="http://www.loc.gov/MARC21/slim">

  <leader>00488nam a22001931i 4500</leader>
  <controlfield tag="001">12363</controlfield>
  <datafield tag="090" ind1=" " ind2=" ">
    <subfield code="a">12363</subfield>
  </datafield>
  <datafield tag="100" ind1=" " ind2=" ">
    <subfield code="a">20170304u        u  u0frey50      ba</subfield>
  </datafield>
  <datafield tag="101" ind1="0" ind2=" ">
    <subfield code="a">por</subfield>
  </datafield>
  <datafield tag="200" ind1="1" ind2=" ">
    <subfield code="f">Carlos Correia</subfield>
    <subfield code="a">O b&#xFA;zio de Nacar</subfield>
  </datafield>
  <datafield tag="210" ind1=" " ind2=" ">
    <subfield code="c">Caminho</subfield>
    <subfield code="a">Lisboa</subfield>
    <subfield code="d">imp. 1986</subfield>
  </datafield>
  <datafield tag="215" ind1=" " ind2=" ">
    <subfield code="a">[42] p.</subfield>
    <subfield code="c"> il.</subfield>
    <subfield code="d">19 cm</subfield>
  </datafield>
  <datafield tag="606" ind1=" " ind2=" ">
    <subfield code="9">335</subfield>
    <subfield code="a">Literatura juvenil</subfield>
  </datafield>
  <datafield tag="675" ind1=" " ind2=" ">
    <subfield code="a">82-93</subfield>
    <subfield code="9">2040</subfield>
  </datafield>
  <datafield tag="700" ind1=" " ind2="1">
    <subfield code="a">Correia</subfield>
    <subfield code="b">Carlos</subfield>
    <subfield code="4">070</subfield>
  </datafield>
  <datafield tag="701" ind1=" " ind2="1">
    <subfield code="a">Cayatte</subfield>
    <subfield code="b">Henrique</subfield>
    <subfield code="4">440</subfield>
    <subfield code="f">1957-</subfield>
  </datafield>
  <datafield tag="801" ind1=" " ind2=" ">
    <subfield code="a">PT</subfield>
    <subfield code="g">RPC</subfield>
  </datafield>
  <datafield tag="990" ind1=" " ind2=" ">
    <subfield code="c">LIVROS</subfield>
  </datafield>
  <datafield tag="994" ind1=" " ind2=" ">
    <subfield code="a">COMP</subfield>
  </datafield>
  <datafield tag="995" ind1=" " ind2=" ">
    <subfield code="0">0</subfield>
    <subfield code="1">0</subfield>
    <subfield code="9">16622</subfield>
    <subfield code="b">BMVA</subfield>
    <subfield code="d">BMVA</subfield>
    <subfield code="f">0007641</subfield>
    <subfield code="k">82-93 COR</subfield>
    <subfield code="o">0</subfield>
    <subfield code="r">LIVROS</subfield>
    <subfield code="u">10-15 anos</subfield>
    <subfield code="0">0</subfield>
  </datafield>
  <datafield tag="995" ind1=" " ind2=" ">
    <subfield code="0">0</subfield>
    <subfield code="1">0</subfield>
    <subfield code="9">16623</subfield>
    <subfield code="b">BMVA</subfield>
    <subfield code="d">BMVAAL</subfield>
    <subfield code="f">0001499AL</subfield>
    <subfield code="k">82-93 COR </subfield>
    <subfield code="o">0</subfield>
    <subfield code="r">LIVROS</subfield>
    <subfield code="u">10-15 anos. - Em dep&#xF3;sito - Caixa 245</subfield>
  </datafield>
  <datafield tag="995" ind1=" " ind2=" ">
    <subfield code="0">0</subfield>
    <subfield code="1">0</subfield>
    <subfield code="9">16624</subfield>
    <subfield code="b">BMVA</subfield>
    <subfield code="d">BMVAAG</subfield>
    <subfield code="f">0028030</subfield>
    <subfield code="k">82-93 COR </subfield>
    <subfield code="o">0</subfield>
    <subfield code="r">LIVROS</subfield>
    <subfield code="u">10-15 anos</subfield>
    <subfield code="0">0</subfield>
  </datafield>
</record>
